000 01503nam a2200241Ia 4500
008 0000002002 usad 0000000000eng00
020 _a971790205
090 _aPSP00 S64s
245 1 0 _aSoledad Sevilla
_b: the island of the turtle
_c/ essay Ignacio Fernández ; translated George Burland ; photography Miguel Bargollo Morer
300 _a38 p.
_c/ 24 cm.
500 _aExposición realizada en Haim Chanin Fine Arts, New York, febrero 9 a marzo 30 de 2002 \ Incluye cronología del artista \ Registro auspiciado por la FGAA. Bogotá
501 _aIn our world of snow and flowers = En nuestro mundo de flores y nieve / Ignacio Fernández.
505 _aOBRAS : The island of the Turtle No.4. The island of the Turtle No.5. Empty night. The island of the Turtle No.12. The island of the Turtle No.3. The island of the Turtle No.7. The island of the Turtle No.6. The island of the Turtle No.2. The island of the Turtle No.8. The island of the Turtle No.16. The island of the Turtle No.13. The island of the Turtle No.20. The island of the Turtle No.23.
600 0 0 _aSEVILLA, SOLEDAD, 1944/
_xTRABAJOS PICTORICOS
650 1 4 _aARTE CONTEMPORANEO ESPAÑOL
650 1 4 _aARTISTAS PLASTICOS ESPAÑOLES EXPOSIONES
650 1 4 _xCATALOGOS
650 1 4 _xEXPOSICIONES
650 1 4 _aPINTORES ESPAÑOLES
650 1 4 _aPINTURA ESPAÑOLA
700 1 _aFernández, Ignacio \ Burland, George \ Bargollo Morer, Miguel
999 _c10197
_d10197
260 _aNew York : Haim Chanin Fine Arts
_c2002